Cómo funcionan las máquinas / (Registro nro. 8326)

Detalles MARC
000 -LIDER
fixed length control field 00758nam a22002537a 4500
001 - NÚMERO DE CONTROL
Identificador de número de control 0074
003 - IDENTIFICACDOR DE NÚMERO DE CONTROL
control field DO-SdBNP
005 - DATE AND TIME OF LATEST TRANSACTION
control field 20180119154520.0
007 - CAMPOS FIJOS DE DESCRIPCIÓN FÍSICA
fixed length control field 0074
008 - ELEMENTOS DE LONGITUD FIJA
fixed length control field 151005b sp 1990 xxu||||| |||| 00| 0 spa d
020 ## - ISBN
International Standard Book Number 9788401312465
040 ## - FUENTE DE CATALOGACIÓN
Agencia que crea de manera original el registro BPMSU
Idioma de catalogación spa
Agencia que realiza la transcripción BPMSU
100 10 - ASIENTO PRINCIPAL -- NOMBRE PERSONAL
Nombre personal Burnie, David
245 10 - MENCIÓN DE TITULO
Título Cómo funcionan las máquinas /
Mención de responsabilidad David Burnie ; traducción Ana Victoria Berman Kohen
260 ## - PUBLICACIÓN, DISTRIBUCIÓN, ETC. (PIE DE IMPRENTA)
Lugar de publicación, distribución, etc Barcelona, España :
Nombre del editor, distribuidor, etc. Plaza joven,
-- Janés editores.
Fecha de publicación, distribución, etc 1990
300 ## - DESCRIPCIÓN FÍSICA
Extensión 64 p.
Otros detalles físicos il.
Dimensiones 29 cm.
490 10 - MENCIÓN DE SERIES
Mención de serie Ventana al mundo
500 ## - NOTA GENERAL
Nota general Incluye índice
700 10 - ASIENTO SECUNDARIO -- NOMBRE PERSONAL
Nombre personal Berman Kohen, Ana Victoria,
Mención de responsabilidad tr.
830 00 - ASIENTO SECUNDARIO DE SERIE--TÍTULO UNIFORME
Título uniforme Ventana al mundo
942 ## - ADDED ENTRY ELEMENTS (KOHA)
Source of classification or shelving scheme Dewey Decimal Classification
Koha item type Libros
945 ## - INFORMACIÓN DE PROCESAMIENTO LOCAL
Información de procesamiento local Inventariado, 2018 / YL
956 ## - LOCAL ELECTRONIC LOCATION AND ACCESS (OCLC)
Nombre de host Brenda Tavárez
Número de acceso 10
Información de compresión BPMSU
Existencias
Withdrawn status Lost status Source of classification or shelving scheme Damaged status Not for loan Collection code Home library Current library Date acquired Source of acquisition Total Checkouts Barcode Date last seen Price effective from Koha item type
    Dewey Decimal Classification     Colección Juvenil General Biblioteca Pública Metropolitana Salomé Ureña Biblioteca Pública Metropolitana Salomé Ureña 10/05/2015 Donación   BPMSU15100039 10/05/2015 10/05/2015 Libros